[Event "Lympia Cyprus-ch op"]
[Site "Lympia"]
[Date "2020.01.26"]
[Round "7"]
[White "Ioannou, Konstantinos"]
[Black "Human, Norman"]
[Result "0-1"]
[WhiteElo "1154"]
[BlackElo "1425"]
[PlyCount "64"]
[EventDate "2020.01.05"]
[EventType "swiss"]
[EventRounds "9"]
[EventCountry "CYP"]
[SourceTitle "CBM 194 Extra"]
[Source "ChessBase"]
[SourceDate "2020.03.31"]
[SourceVersion "1"]
[SourceVersionDate "2020.03.31"]
[SourceQuality "1"]

1. d4 g6 2. e3 Nf6 3. Bd3 Bg7 4. f4 d6 5. Nf3 e6 6. 0-0 0-0 7. b3 Nd5 8. c3 Nd7 9. e4 N5f6 10. Ba3 c5 11. e5 Nd5 12. Qd2 Qc7 13. exd6 Qxd6 14. Ne5 b6 15. Be4 Rb8 16. Qd3 Nxf4 17. Rxf4 f5 18. Nxd7 Qxf4 19. Nxb8 fxe4 20. Qe2 Bh6 21. h3 Qg3 22. Nd2 Be3+ 23. Kh1 Rf2 24. Qg4 Qxg4 25. hxg4 Bxd2 26. dxc5 e3 27. Kg1 bxc5 28. Bxc5 Bb7 29. Nd7 Rxg2+ 30. Kh1 e2 31. Nf6+ Kf7 32. Nxh7 Bf4 0-1